| 000 | 01077nam0a22002531 4500 | ||
|---|---|---|---|
| 001 | rc\2710659 | ||
| 005 | 20260407084939.0 | ||
| 035 | _a(NLR Aleph) 006838593 | ||
| 090 |
_a6621296 _c6621296 |
||
| 100 | _a20110915d1934 |||y0rusy50 ca | ||
| 101 | 0 | _arus | |
| 102 | _aRU | ||
| 105 | _aa z ||||| | ||
| 200 | 1 | _aВременная инструкция по поверке аналитических весов с подъемной силой до 200 г до 20 г | |
| 210 |
_aМосква _aЛенинград _cСтандартизация и рационализация _d1934 _eМосква _g21 тип. "Мособлполиграф" |
||
| 215 |
_aОбл., 18 с., 2 с. объявл. _cчерт. _d14х10 см. |
||
| 225 | 1 |
_aВКС при СТО. Центральное управление мер и весов _v№ 14 |
|
| 710 | 0 | 1 |
_aСССР _bГлавное управление мер и весов _3RU\NLR\AUTH\8812762 _9298400 |
| 801 | 0 |
_aRU _bNLR _gpsbo |
|
| 801 | 1 |
_aRU _bELAR _2rusmarc |
|
| 852 |
_aNLR _j34-8/2165 |
||
| 942 | _cBOOK | ||
| 980 | _aNB | ||